000 01002nam0a22002531 4500
001 rc\4061745
005 20250611074528.0
021 _aRU
_b[50-4627]
035 _a(NLR Aleph) 008113326
090 _a9318166
_c9318166
100 _a20130415d1950 |||y0rusy50 ca
101 0 _arus
102 _aRU
105 _ay z |||||
200 1 _aМатериалы для доклада о текущем моменте
_fОтд. пропаганды и агитации Татар. обкома ВКП(б)
210 _a[Казань]
_cКр. Татария
_d1950
_gТип. им. Александрова
215 _a28 с.
_d20
606 _aМеждународное положение
_z1949
_jМатериалы для докладов, лекций и т. п.
_2psbo
712 0 2 _aВКП(б). Татарский обл. ком. Отд. пропаганды и агитации
801 0 _aRU
_bNLR
_gpsbo
801 1 _aRU
_bELAR
_2rusmarc
852 _aNLR
_jИп10 Г-4/733
942 _cBOOK
980 _aNB